Name That Color - Statistics

General Stats
  • This quiz has been taken 21 times
  • The average score is 11 of 15
Answer Stats
Picture Answer % Correct
Red
100%
Blue
95%
Orange
95%
Pink
89%
Yellow
89%
Black
84%
Green
84%
Purple
84%
Brown
79%
Grey
74%
Pink
53%
Purple
42%
Red
42%
Grey
21%
Yellow
21%
No matching quizzes found
Score Distribution
Percent of People with Each Score
Percentile by Number Answered
Your Score History
You have not taken this quiz